000 00429nam a2200157Ia 4500
008 220216s9999 xx 000 0 und d
100 _aStickney P B
245 0 _aCarbon black rubber interactions and bound rubber (1964 reviews)
260 _bRubber Chemistry and Technology
_c1964
300 _a1299-1340
650 _a1964 reviews
650 _aBound rubber
650 _aCarbon black
700 _aFalb R D
942 _cJS
999 _c55120
_d55120